000
00301nam a2200133Ia 4500
008
190216s9999||||xx |||||||||||||| ||und||
100
_a
Subhash Mehta
245
0
_a
Introducing Computers
250
_a
1st Ed.
260
_b
Bpb Publications
_c
1997
300
_a
169
650
_a
Computer
942
_c
BK
999
_c
8585
_d
8585